Luận anh văn và môn nói trình độ B = English compositionss

Uloženo v:
Podrobná bibliografie
Hlavní autor: Đan Văn
Médium: Kniha
Jazyk:Undetermined
Vydáno: Tp. HCM Tp. HCM 2004
Témata:
Tagy: Přidat tag
Žádné tagy, Buďte první, kdo otaguje tento záznam!
Thư viện lưu trữ: Trung tâm Học liệu Trường Đại học Cần Thơ
LEADER 00599nam a2200217Ia 4500
001 CTU_62360
008 210402s9999 xx 000 0 und d
020 |b 19000 
082 |a 428.24 
082 |b Đ105 
100 |a Đan Văn 
245 0 |a Luận anh văn và môn nói trình độ B = 
245 0 |b English compositionss 
245 0 |c Đan Văn 
260 |a Tp. HCM 
260 |b Tp. HCM 
260 |c 2004 
650 |a english language 
650 |x composition and exercises,study and teaching 
904 |i Minh 
980 |a Trung tâm Học liệu Trường Đại học Cần Thơ